书目信息 |
| 题名: |
溶剂萃取化学
|
|
| 作者: | 关根达也 , 长谷川佑子 著 ;滕藤 译 | |
| 分册: | ||
| 出版信息: | 北京 原子能出版社 1981 |
|
| 页数: | 208页 | |
| 开本: | 26cm | |
| 丛书名: | ||
| 单 册: | ||
| 中图分类: | O658.2 | |
| 科图分类: | ||
| 主题词: | 溶剂萃取 | |
| 电子资源: | ||
| ISBN: | ||
| 000 | 00755nam0 2200265 45 | |
| 001 | 0181004952 | |
| 005 | 20040520103413.1 | |
| 010 | @dCNY1.20 | |
| 091 | @a15175.251 | |
| 100 | @a19950515d1981 emky0chiy0121 ea | |
| 101 | 1 | @achi |
| 102 | @aCN@b110000 | |
| 105 | @ay z 000yy | |
| 106 | @ar | |
| 200 | 10 | @a溶剂萃取化学@Arong ji cui qu hua xue@e原理和应用参考文献部分@f(日)关根达,长谷川佑子著@g滕藤译 |
| 210 | @a北京@c原子能出版社@d1981 | |
| 215 | @a208页@d26cm | |
| 606 | @a溶剂萃取 | |
| 690 | @aO658.2@v3 | |
| 701 | 0 | @a关根达也@Aguan gen da ye@4著 |
| 701 | 0 | @a长谷川佑子@Achang gu chuan you zi@4著 |
| 702 | 0 | @a滕藤@Ateng teng@4译 |
| 801 | 0 | @aCN@b上海图书馆@c20040520 |
| 801 | 2 | @aCN@bNLC@c20040520 |
| 905 | @f1@b74132@dO658.2@e11:2 | |
| 溶剂萃取化学:原理和应用参考文献部分/(日)关根达,长谷川佑子著/滕藤译.-北京:原子能出版社,1981 |
| 208页;26cm |
| ISBN :CNY1.20 |
| ● |
| 相关链接 |
|
|
|
|
正题名:溶剂萃取化学
索取号:O658.2/11:2
 
预约/预借
| 序号 | 登录号 | 条形码 | 馆藏地/架位号 | 状态 | 备注 |
| 1 | 0064264 | 001647597 | 密集书库/ [索取号:O658.2/11:2] | 在馆 | |
| 2 | 0064265 | 202174707 | 密集书库/ [索取号:O658.2/11:2] | 在馆 | |
| 3 | 0064266 | 001647588 | 密集书库/ [索取号:O658.2/11:2] | 在馆 | |
| 4 | 0074132 | 001367014 | 第三借阅区/ [索取号:O658.2/11:2] | 在馆 | |
| 5 | 0074134 | 001366587 | 第二样本阅览室/ [索取号:O658.2/11:2] | 在馆 |